Engineers in Tanzania : (Record no. 164936)

MARC details
000 -LEADER
fixed length control field 00816nam a2200253 a 4500
008 - FIXED-LENGTH DATA ELEMENTS--GENERAL INFORMATION
fixed length control field
020 ## - INTERNATIONAL STANDARD BOOK NUMBER
International Standard Book Number 3880854831(pbk.)
049 ## - LOCAL HOLDINGS (OCLC)
Holding library MAIN
090 ## - LOCALLY ASSIGNED LC-TYPE CALL NUMBER (OCLC); LOCAL CALL NUMBER (RLIN)
Classification number (OCLC) (R) ; Classification number, CALL (RLIN) (NR) TA157 WIN
003 - CONTROL NUMBER IDENTIFIER
control field
005 - DATE AND TIME OF LATEST TRANSACTION
control field 20230123134400.0
040 ## - CATALOGING SOURCE
Transcribing agency NUST
100 1# - MAIN ENTRY--PERSONAL NAME
Personal name Winkler, Helmut.
245 10 - TITLE STATEMENT
Title Engineers in Tanzania :
Remainder of title a seconday analysis /
Statement of responsibility, etc. Helmut Winkler, Klaus Hartmann, Harald Schomburg.
246 ## - VARYING FORM OF TITLE
Title proper/short title A secondary analysis.
260 ## - PUBLICATION, DISTRIBUTION, ETC.
Place of publication, distribution, etc. Eschborn :
Name of publisher, distributor, etc. Deutsche GTZ,
Date of publication, distribution, etc. 1992.
300 ## - PHYSICAL DESCRIPTION
Extent vi, 171 p. :
Other physical details ill. ;
Dimensions 21 cm.
440 ## - SERIES STATEMENT/ADDED ENTRY--TITLE
Title Deutsche Gesellschaft fur Technische Zusammenarbeit (GTZ) GmbH.
504 ## - BIBLIOGRAPHY, ETC. NOTE
Bibliography, etc. note Includes bibliographical references.
700 ## - ADDED ENTRY--PERSONAL NAME
Personal name Hartmann, Klaus.
700 ## - ADDED ENTRY--PERSONAL NAME
Personal name Schomburg, Harald.
907 ## - LOCAL DATA ELEMENT G, LDG (RLIN)
a .b10232278
b 16-02-07
c 16-02-07
942 ## - ADDED ENTRY ELEMENTS (KOHA)
Koha item type Ordinary Loan Books
Call number prefix TA157 WIN
Holdings
Date last seen Total Checkouts Full call number Barcode Cost, replacement price Price effective from Koha item type Lost status Source of classification or shelving scheme Damaged status Not for loan Collection Withdrawn status Home library Current library Shelving location Date acquired Cost, normal purchase price
01/23/2023   TA157 WIN 92003015535 80.00 01/23/2023 BOOKS   LCC     NFIC   MAIN MAIN GEN 01/23/2023 80.00